| 000 | 00494nam a2200157 i 4500 | ||
|---|---|---|---|
| 001 | 85842 | ||
| 003 | ES-MaACL | ||
| 007 | t| | ||
| 008 | 041202s1954 sp ||||1| spa d | ||
| 100 | 1 |
_aKeeler, Harry Stephen. _967708 |
|
| 245 | 1 | 0 |
_a¡Dedo! ¡dedo! / _cpor Harry Stephen Keeler ; traducción de Fernando Noriega Olea. |
| 260 |
_aMadrid : _bInstituto Editorial Reus, _c1954. |
||
| 300 |
_a682 p. ; _c19 cm. |
||
| 700 | 1 |
_aNoriega Olea, Fernando. _985986 |
|
| 852 |
_aES-MaACL _jC-7394 _bR.36009 |
||
| 999 |
_c85842 _d85842 |
||